000 01112cam a2200337 a 4500
001 ocn649795925
003 OSt
005 20140310182429.0
008 100721s2011 moua b 001 0 eng
010 _a2010031016
020 _a9781437709803 (hbk. : alk. paper)
020 _a143770980X (hbk. : alk. paper)
040 _aDNLM/DLC
_cDLC
_dYDX
_dBTCTA
_dNLM
_dYDXCP
_dUV0
_dCVU
042 _apcc
049 _aCVUA
050 _aRC 78.7
_b.U4K745 2011
100 1 _aKremkau, Frederick W.
_98623
245 1 0 _aSonography principles and instruments /
_cFrederick W. Kremkau ; with contributions by Flemming Forsberg.
250 _a8th ed.
260 _aSt. Louis, Mo. :
_bElsevier/Saunders,
_cc2011.
300 _axi, 292 p. :
_bill. (some col.) ;
_c28 cm.
650 0 _aUltrasonic imaging.
_98624
650 1 2 _aUltrasonography.
_98625
700 1 _aForsberg, Flemming.
_98626
700 1 _aKremkau, Frederick W.
_tDiagnostic ultrasound.
_98634
910 _a20110215/w/c;ckc
942 _2lcc
_cSSLC
980 _a190111
_b63060
_e6233
_f213040
_g1
981 _aybp
_bMDE
_d99940695099
999 _c13338
_d13338